TV Shows by Character - Statistics

General Stats
  • This quiz has been taken 61 times
  • The average score is 3 of 15
Answer Stats
Hint Answer % Correct
Gunther Friends
80%
Amy Farrah Fowler The Big Bang Theory
50%
Lori Grimes The Walking Dead
38%
Dr. James Wilson House M.D.
29%
Sayid Jarrah Lost
21%
Echo Dollhouse
9%
Arlene Fowler True Blood
9%
Claudia Donovan Warehouse 13
7%
Wallace Fennel Veronica Mars
5%
Tom Mason Falling Skies
4%
Max Guevera Dark Angel
2%
Karen Darling Dirty Sexy Money
2%
Detective Jane Timoney Prime Suspect
2%
Abby Mills Elaine Cassidy
0%
Magnus Martinsson Wallander
0%
No matching quizzes found
Score Distribution
Percent of People with Each Score
Percentile by Number Answered
Your Score History
You have not taken this quiz